Statistics for Illumination Entertainment Animated Movies

Click here to take the quiz!

General Stats

  • This quiz has been taken 758 times
    (213 since last reset)
  • The average score is 10 of 13

Answer Stats

YearMovie% Correct
2010Despicable Me
96%
2013Despicable Me 2
95%
2015Minions
95%
2017Despicable Me 3
93%
2022Minions: The Rise of Gru
89%
2023The Super Mario Bros. Movie
73%
2016The Secret Life of Pets
71%
2019The Secret Life of Pets 2
70%
2016Sing
68%
2021Sing 2
67%
2012The Lorax
67%
2018The Grinch
64%
2011Hop
63%

Score Distribution

Percentile by Number Answered

Percent of People with Each Score

Your Score History

You have not taken this quiz since the last reset